Kashmir the Vajpayee Years (Record no. 13728)

MARC details
000 -LEADER
fixed length control field 00392nam a22001697a 4500
003 - CONTROL NUMBER IDENTIFIER
control field OSt
008 - FIXED-LENGTH DATA ELEMENTS--GENERAL INFORMATION
fixed length control field 250916b |||||||| |||| 00| 0 eng d
020 ## - INTERNATIONAL STANDARD BOOK NUMBER
International Standard Book Number 9789352640812
082 ## - DEWEY DECIMAL CLASSIFICATION NUMBER
Classification number 320.9546 DUK
100 ## - MAIN ENTRY--PERSONAL NAME
Personal name DULAT,AS
245 ## - TITLE STATEMENT
Title Kashmir the Vajpayee Years
250 ## - EDITION STATEMENT
Edition statement 1st
260 ## - PUBLICATION, DISTRIBUTION, ETC. (IMPRINT)
Place of publication, distribution, etc Gurugram
Name of publisher, distributor, etc Harper Collins
Date of publication, distribution, etc 2016
300 ## - PHYSICAL DESCRIPTION
Extent 341
700 ## - ADDED ENTRY--PERSONAL NAME
Personal name SINHA,Aditya
942 ## - ADDED ENTRY ELEMENTS (KOHA)
Source of classification or shelving scheme Dewey Decimal Classification
Koha item type Reference Books
Holdings
Withdrawn status Lost status Source of classification or shelving scheme Damaged status Not for loan Collection code Home library Current library Date acquired Source of acquisition Currency Cost, normal purchase price Bill Number Total Checkouts Full call number Acc. no. / Barcode Date last seen Actual Cost, discounted price Bill Date Koha item type
    Dewey Decimal Classification     GENERAL PIET C-LIBRARY PIET C-LIBRARY 15/09/2025 Zaffa Books INR 599.00 ZBD0250   320.9546 DUK 39727 16/09/2025 419.30 14/09/2025 Reference Books

Design & Developed by: PIET Central Library
R70 Miles Stone Pattikalyana Samalkha Panipat 132102
mail ID :- [email protected], Phone No:- 0180-2569700 Ex.216